000 00726nam a2200253 a 4500
001 BRCA_4733
005 20190320204801.0
008 071010s1884----gw-a######---#000-0#ger-#
041 _ager
044 _agw
050 4 _aND588.D8
_b.T42 1
_c1884
100 1 _aThausing, Moriz
_911992
245 1 0 _aDürer
_bGeschichte seines lebens und seiner kunst
_cvon Moriz Thausing.
260 _aLeipzig, Alemania
_bE. A. Seeman
_c1884
300 _a2 v.
_bil.
_c24 cm.
500 _aIncluye índice de ilustraciones
500 _aVer también D134
500 _aD74
600 1 4 _aDurero, Alberto
_d1471-1528
_910301
650 1 4 _aPintores alemanes
_9797
650 1 4 _aGrabadores alemanes
_97216
902 _aGFM
942 _2lcc
_cB
999 _c4431
_d4431